Detalles MARC
| 000 -LEADER |
| fixed length control field |
01552cam a2200385 i 4500 |
| 001 - CONTROL NUMBER |
| control field |
57637 |
| 003 - CONTROL NUMBER IDENTIFIER |
| control field |
Mx-PuUPA |
| 005 - DATE AND TIME OF LATEST TRANSACTION |
| control field |
20250206153253.0 |
| 008 - FIXED-LENGTH DATA ELEMENTS--GENERAL INFORMATION |
| fixed length control field |
140415s2019 sp gq 000 0 spa d |
| 017 ## - COPYRIGHT OR LEGAL DEPOSIT NUMBER |
| Copyright or legal deposit number |
M-16647-2019 |
| 020 ## - INTERNATIONAL STANDARD BOOK NUMBER |
| International Standard Book Number |
9788422020851 |
| 040 ## - CATALOGING SOURCE |
| Transcribing agency |
Mx-PuUPA |
| Original cataloging agency |
Mx-PuUPA |
| Language of cataloging |
spa |
| Modifying agency |
Mx-PuUPA |
| Description conventions |
rda |
| 041 0# - LANGUAGE CODE |
| Language code of text/sound track or separate title |
spa |
| -- |
lat |
| 100 0# - MAIN ENTRY--PERSONAL NAME |
| Personal name |
Hilary, |
| Titles and words associated with a name |
Saint, Bishop of Poitiers, |
| Dates associated with a name |
-367? |
| Relator term |
autor |
| 9 (RLIN) |
16670 |
| 245 10 - TITLE STATEMENT |
| Title |
Sobre los sínodos : |
| Remainder of title |
la fe de los orientales / |
| Statement of responsibility, etc. |
San Hilario de Poitiers ; introducción, textos, traducción y notas de Samuel Fernández |
| 250 ## - EDITION STATEMENT |
| Edition statement |
Edición bilingue |
| 264 #1 - PRODUCTION, PUBLICATION, DISTRIBUTION, MANUFACTURE, AND COPYRIGHT NOTICE |
| Place of production, publication, distribution, manufacture |
Madrid : |
| Name of producer, publisher, distributor, manufacturer |
Biblioteca de Autores Cristianos, |
| Date of production, publication, distribution, manufacture, or copyright notice |
2019 |
| 300 ## - PHYSICAL DESCRIPTION |
| Extent |
lxxiv, 214 páginas ; |
| Dimensions |
20 cm |
| 336 ## - CONTENT TYPE |
| Fuente |
rdacontent |
| Content type term |
texto |
| Content type code |
txt |
| 337 ## - MEDIA TYPE |
| Source |
rdamedia |
| Media type term |
sin medio |
| Media type code |
n |
| 338 ## - CARRIER TYPE |
| Source |
rdacarrier |
| Carrier type term |
volumen |
| Carrier type code |
nc |
| 490 0# - SERIES STATEMENT |
| Series statement |
Biblioteca de Autores Cristianos ; |
| Volume/sequential designation |
756 |
| 546 ## - LANGUAGE NOTE |
| Language note |
Texto bilingue: español y latín. |
| 600 04 - SUBJECT ADDED ENTRY--PERSONAL NAME |
| Personal name |
Hilario, |
| Titles and other words associated with a name |
Santo, Obispo de Poitiers- |
| Dates associated with a name |
315? - 367 |
| General subdivision |
Teología |
| 650 #7 - SUBJECT ADDED ENTRY--TOPICAL TERM |
| Source of heading or term |
armarc |
| Topical term or geographic name entry element |
Arrianismo |
| 650 #7 - SUBJECT ADDED ENTRY--TOPICAL TERM |
| Source of heading or term |
armarc |
| Topical term or geographic name entry element |
Herejias cristianas |
| General subdivision |
Historia |
| Chronological subdivision |
Periodo primitivo, c.a. 30-600 |
| 650 #7 - SUBJECT ADDED ENTRY--TOPICAL TERM |
| Source of heading or term |
armarc |
| Topical term or geographic name entry element |
Arrianismo |
| General subdivision |
Obras anteriores a 1800 |
| 650 #7 - SUBJECT ADDED ENTRY--TOPICAL TERM |
| Source of heading or term |
armarc |
| Topical term or geographic name entry element |
Iglesias orientales |
| 650 #7 - SUBJECT ADDED ENTRY--TOPICAL TERM |
| Source of heading or term |
armarc |
| Topical term or geographic name entry element |
Teología |
| Chronological subdivision |
Siglos I - VI |
| 700 1# - ADDED ENTRY--PERSONAL NAME |
| Personal name |
Fernández, Samuel, |
| Relator term |
autor de introducción |
| -- |
traductor |
| 942 ## - ADDED ENTRY ELEMENTS (KOHA) |
| Source of classification or shelving scheme |
Dewey Decimal Classification |
| Koha item type |
Libro |
| Classification part |
273.4 |
| Item part |
H64 |